000
00295nam a2200121Ia 4500
005
20251222143132.0
008
251222s9999||||xx |||||||||||||| ||spa||
082
_a
771/M35
100
_a
Mecarelli, Adalberto
245
0
_a
Entre Ombre et LumiƩre
264
_b
Adalberto Mecarelli
942
_c
LIB
999
_c
11962
_d
11962